Villes traversées par l'autoroute A75 - la méridienne - Statistiques

Statistiques générales
  • Ce quiz a été pris 57 fois
  • Le résultat moyen est 4 sur 6
Statistiques - réponses
ville population kilomètre % Correct
Clermont-Ferrand 150 443 0
100%
Béziers 82 530 335
90%
Millau 21 712 216
86%
Issoire 15 240 33
78%
Cournon-d'Auvergne 20 436 5
44%
Clermont-l'Hérault 10 006 288
42%
Aucun quiz correspondant
Distribution des résultats
% des personnes avec chaque résultat
Percentile par nombre de réponses
Votre historique - résultats
Vous n’avez pas pris ce quiz